I. Acerca de las situaciones de tiempo de la Península Ibérica . II. Acerca de la relación entre las cantidades de precipitación en la PenínsulaIbérica y la crudeza del invierno en la Europa Central / (Record no. 130208)

MARC details
000 -LEADER
campo de control de longitud fija 00886nam a2200205 i 4500
001 - NÚMERO DE CONTROL
campo de control 130208
003 - IDENTIFICADOR DE NÚMERO DE CONTROL
campo de control ES-MaACL
005 - FECHA Y HORA DE LA ÚLTIMA TRANSACCIÓN
campo de control 20250802232301.0
007 - CAMPO FIJO DE DESCRIPCIÓN FÍSICA--INFORMACIÓN GENERAL
campo de control de longitud fija t|
008 - DATOS DE LONGITUD FIJA--INFORMACIÓN GENERAL
campo de control de longitud fija 070723s1949 sp ||||1| spa d
100 1# - ENTRADA PRINCIPAL--NOMBRE DE PERSONA
Nombre de persona Zimmerschied, Wilhelm.
9 (RLIN) 118282
245 10 - MENCIÓN DEL TÍTULO
Título I. Acerca de las situaciones de tiempo de la Península Ibérica . II. Acerca de la relación entre las cantidades de precipitación en la PenínsulaIbérica y la crudeza del invierno en la Europa Central /
Mención de responsabilidad, etc. por... W. Zimmerchied . III. Situaciones generales meteorológicas de Europa / por... F. Baur.
260 ## - PUBLICACIÓN, DISTRIBUCIÓN, ETC.
Lugar de publicación, distribución, etc. Madrid :
Nombre del editor, distribuidor, etc. Huérfanos Ejército del Aire,
Fecha de publicación, distribución, etc. 1949.
300 ## - DESCRIPCIÓN FÍSICA
Extensión 55 p. ;
Dimensiones 24 cm.
700 1# - ENTRADA AGREGADA--NOMBRE PERSONAL
Nombre de persona Baur, F.
9 (RLIN) 26607
710 1# - ENTRADA AGREGADA--NOMBRE DE ENTIDAD CORPORATIVA
Nombre de entidad corporativa o nombre de jurisdicción como elemento de entrada España.
Unidad subordinada Ministerio del Aire
9 (RLIN) 3938
740 0# - ENTRADA AGREGADA--TÍTULO RELACIONADO/ANALÍTICO NO CONTROLADO
Título relacionado o analítico no controlado Situaciones generales meteorológicas de Europa.
852 ## - LOCALIZACIÓN
Ubicación ES-MaACL
Número de control de estantería 1928-F-8
Sublocalización o colección R.29921
Holdings
Estatus retirado Estado de pérdida Estado de daño No para préstamo Colección Biblioteca de origen Biblioteca actual Ubicación en estantería Fecha de adquisición Fuente de adquisición Total de préstamos Signatura topográfica completa Código de barras Visto por última vez Precio de reemplazo Tipo de ítem Koha
        Colección de folletos Biblioteca del Ateneo de Madrid Biblioteca del Ateneo de Madrid Depósito folletos 17/01/2008     1928-F-8 1135577 23/02/2023 23/02/2023 Folleto